[Event "AUT-chT2M 2223"]
[Site "Austria"]
[Date "2023.03.03"]
[Round "7.3"]
[White "Dietmayer Kraeutler, Marco"]
[Black "Kranzl, Peter"]
[Result "1/2-1/2"]
[WhiteElo "2307"]
[BlackElo "2164"]
[PlyCount "81"]
[EventDate "2022.09.30"]
[EventType "team-tourn"]
[EventRounds "11"]
[EventCountry "AUT"]
[SourceTitle "CBM 213 Extra"]
[Source "ChessBase"]
[SourceDate "2023.05.31"]
[SourceVersion "1"]
[SourceVersionDate "2023.05.31"]
[SourceQuality "1"]
[WhiteTeam "St Veit/Glan"]
[BlackTeam "St Valentin"]
[WhiteTeamCountry "AUT"]
[BlackTeamCountry "AUT"]

1. d4 Nf6 2. c4 c5 3. d5 b5 4. cxb5 a6 5. b6 Qxb6 6. Nc3 d6 7. Nf3 g6 8. Nd2 Bg7 9. e4 0-0 10. Bd3 Nbd7 11. Nc4 Qc7 12. 0-0 Nb6 13. Ne3 e6 14. dxe6 fxe6 15. Re1 Bb7 16. Ng4 Nxg4 17. Qxg4 Qf7 18. Be3 Nd7 19. Bc2 Rac8 20. Rad1 Nf6 21. Qh4 d5 22. Bg5 d4 23. Na4 Nd7 24. f3 Bc6 25. e5 Rfe8 26. b4 Bd5 27. bxc5 Nxc5 28. Qf4 Nd7 29. Bd3 Qxf4 30. Bxf4 Nc5 31. Nxc5 Rxc5 32. Bxa6 Ra8 33. Bf1 Rxa2 34. Re2 Rxe2 35. Bxe2 Rc2 36. Bd3 Rc3 37. Kf2 Kf7 38. Bf1 Rc2+ 39. Rd2 Rxd2+ 40. Bxd2 Bxe5 41. Bd3 1/2-1/2

[Event "WchT Seniors 50"]
[Site "Prague"]
[Date "2020.03.10"]
[Round "5.7"]
[White "Karlsson, Agust Sindri"]
[Black "Kranzl, Peter"]
[Result "1/2-1/2"]
[WhiteElo "2268"]
[BlackElo "2153"]
[PlyCount "81"]
[EventDate "2020.03.06"]
[EventType "team-swiss"]
[EventRounds "7"]
[EventCountry "CZE"]
[SourceTitle "CBM 195 Extra"]
[Source "ChessBase"]
[SourceDate "2020.05.31"]
[SourceVersion "1"]
[SourceVersionDate "2020.05.31"]
[SourceQuality "1"]
[WhiteTeam "Island 50"]
[BlackTeam "Austria 50"]
[WhiteTeamCountry "ISL"]
[BlackTeamCountry "AUT"]

1. d4 Nf6 2. Nf3 g6 3. g3 Bg7 4. Bg2 0-0 5. 0-0 d6 6. b3 c6 7. Bb2 Qa5 8. h3 Qh5 9. g4 Qa5 10. Qe1 Qxe1 11. Rxe1 h5 12. g5 Ne4 13. Nbd2 Bf5 14. Rad1 Na6 15. c3 Nc7 16. Bf1 d5 17. Nxe4 dxe4 18. Nh4 Be6 19. Bg2 a5 20. Ba3 Rfe8 21. c4 a4 22. Bc5 Ra6 23. e3 b6 24. Bb4 axb3 25. axb3 b5 26. Rc1 bxc4 27. bxc4 Ra4 28. Bc5 Rxc4 29. Bxe4 Rxc1 30. Rxc1 Bd7 31. f4 Nd5 32. f5 gxf5 33. Bxf5 e6 34. Be4 Nxe3 35. Bf3 e5 36. g6 fxg6 37. dxe5 Rxe5 38. Nxg6 Rg5+ 39. Kf2 Rxg6 40. Bxe3 Bxh3 41. Rxc6 1/2-1/2

[Event "WchT Seniors 50"]
[Site "Prague"]
[Date "2020.03.07"]
[Round "2.9"]
[White "Meister, Jakob"]
[Black "Kranzl, Peter"]
[Result "1/2-1/2"]
[WhiteElo "2427"]
[BlackElo "2153"]
[PlyCount "171"]
[EventDate "2020.03.06"]
[EventType "team-swiss"]
[EventRounds "7"]
[EventCountry "CZE"]
[SourceTitle "CBM 195 Extra"]
[Source "ChessBase"]
[SourceDate "2020.05.31"]
[SourceVersion "1"]
[SourceVersionDate "2020.05.31"]
[SourceQuality "1"]
[WhiteTeam "Germany 50"]
[BlackTeam "Austria 50"]
[WhiteTeamCountry "GER"]
[BlackTeamCountry "AUT"]

1. e4 c6 2. d4 d5 3. exd5 cxd5 4. c4 Nf6 5. Nc3 g6 6. cxd5 Bg7 7. Bb5+ Nbd7 8. d6 exd6 9. Qe2+ Qe7 10. Bf4 Kd8 11. Nf3 Nb6 12. 0-0 a6 13. Bd3 Qxe2 14. Bxe2 Ke7 15. Rfe1 Be6 16. Ng5 Nfd5 17. Nxe6 fxe6 18. Bg5+ Kd7 19. Bf3 Rhe8 20. Nxd5 Nxd5 21. Rad1 Rac8 22. Bxd5 exd5 23. Rxe8 Rxe8 24. Kf1 Rc8 25. Rd2 Rc4 26. Be3 Bf6 27. Ke2 Rc1 28. Kd3 Rg1 29. f3 Ra1 30. a3 Bd8 31. Re2 Rd1+ 32. Kc2 Rh1 33. h3 Bf6 34. Kd3 Rd1+ 35. Bd2 Rb1 36. Bc3 Rd1+ 37. Ke3 Kc6 38. Rc2 Kd7 39. f4 h5 40. Ke2 Rg1 41. Kf2 Rd1 42. Ke3 Ke6 43. Rd2 Rf1 44. Rf2 Rg1 45. Re2 Kf5 46. Be1 Rf1 47. g3 Bd8 48. Bf2 Bb6 49. Rd2 Rb1 50. Kf3 Rh1 51. g4+ Ke6 52. Kg2 Rb1 53. Re2+ Kf7 54. Rd2 hxg4 55. hxg4 Bd8 56. Rc2 Ke6 57. Be3 Rd1 58. Kf3 Rh1 59. Re2 Rf1+ 60. Kg2 Rd1 61. Kf3 Rd3 62. Kg2 Bb6 63. Bf2+ Kf7 64. Bh4 Bxd4 65. Re7+ Kg8 66. b4 Rxa3 67. Rxb7 Ra2+ 68. Kf3 Ra3+ 69. Ke2 Re3+ 70. Kd2 Re4 71. Bg5 Be3+ 72. Kd3 Bxf4 73. Bxf4 Rxf4 74. g5 Rc4 75. Rb6 Kf7 76. Rxd6 Rxb4 77. Rf6+ Kg7 78. Rd6 Rf4 79. Rxa6 Rf5 80. Ra7+ Kf8 81. Kd4 Rxg5 82. Rd7 Rg1 83. Rxd5 Ke7 84. Ke3 Rf1 85. Ke2 Rf8 86. Rd3 1/2-1/2

[Event "Niederoesterreich Landesliga 1920"]
[Site "Austria"]
[Date "2020.01.12"]
[Round "5.1"]
[White "Polak, Tomas"]
[Black "Kranzl, Peter"]
[Result "1-0"]
[WhiteElo "2533"]
[BlackElo "2147"]
[PlyCount "77"]
[EventDate "2019.09.22"]
[EventType "team-tourn"]
[EventRounds "9"]
[EventCountry "AUT"]
[SourceTitle "CBM 195 Extra"]
[Source "ChessBase"]
[SourceDate "2020.05.31"]
[SourceVersion "1"]
[SourceVersionDate "2020.05.31"]
[SourceQuality "1"]
[WhiteTeam "Stockerau"]
[BlackTeam "Boehlerwerk"]
[WhiteTeamCountry "AUT"]
[BlackTeamCountry "AUT"]

1. d4 Nf6 2. c4 c5 3. d5 b5 4. cxb5 g6 5. Nc3 Bg7 6. e4 d6 7. Nf3 0-0 8. a4 a6 9. Bd2 e6 10. dxe6 Bxe6 11. Be2 d5 12. exd5 Nxd5 13. 0-0 axb5 14. axb5 Rxa1 15. Qxa1 Nb4 16. Qa7 Nd7 17. Ne4 Qa8 18. Qxa8 Rxa8 19. Nxc5 Nxc5 20. Bxb4 Na4 21. Ng5 Bb3 22. Bf3 Rb8 23. Bc6 Bxb2 24. Bd6 Rc8 25. Ne4 Bd4 26. h4 h6 27. h5 Kg7 28. hxg6 fxg6 29. Re1 Rd8 30. Be7 Rb8 31. Nd2 Bf7 32. Nf3 Bc3 33. Rc1 Bb2 34. Rc2 Bb3 35. Rxb2 Nxb2 36. Bd6 Rxb5 37. Bxb5 Nc4 38. Bc5 Kh7 39. Be7 1-0

[Event "AUT-chT2M 1920"]
[Site "Austria"]
[Date "2019.10.11"]
[Round "1.6"]
[White "Salvenmoser, Stefan"]
[Black "Kranzl, Peter"]
[Result "1/2-1/2"]
[WhiteElo "2275"]
[BlackElo "2155"]
[PlyCount "60"]
[EventDate "2019.10.11"]
[EventType "team-tourn"]
[EventRounds "11"]
[EventCountry "AUT"]
[SourceTitle "CBM 192 Extra"]
[Source "Chessbase"]
[SourceDate "2019.11.06"]
[SourceVersion "1"]
[SourceVersionDate "2019.11.06"]
[SourceQuality "1"]
[WhiteTeam "Grieskirchen/Bad Schallenberg"]
[BlackTeam "St Valentin"]
[WhiteTeamCountry "AUT"]
[BlackTeamCountry "AUT"]

1. e4 c6 2. Nc3 d5 3. Nf3 Bg4 4. h3 Bxf3 5. Qxf3 e6 6. d4 Nf6 7. Bg5 Be7 8. e5 Nfd7 9. Bxe7 Qxe7 10. Qg3 g6 11. 0-0-0 a6 12. Be2 c5 13. dxc5 Qxc5 14. f4 Nc6 15. Rhe1 0-0-0 16. Kb1 Nb6 17. h4 h5 18. Bd3 Kb8 19. Ne2 Rc8 20. Nc1 Na5 21. Qe3 Qxe3 22. Rxe3 Nc6 23. Ne2 Rc7 24. Ng1 Nd7 25. c3 Nc5 26. Bc2 b5 27. a3 Nd7 28. Nf3 Nb6 29. Re2 Kb7 30. Rg1 Nc8 1/2-1/2

[Event "WchT Seniors 50"]
[Site "Rhodes"]
[Date "2019.04.22"]
[Round "7.5"]
[White "Kranzl, Peter"]
[Black "Homer, Stephen J"]
[Result "1/2-1/2"]
[WhiteElo "2145"]
[BlackElo "2039"]
[PlyCount "47"]
[EventDate "2019.04.16"]
[EventType "team-swiss"]
[EventRounds "9"]
[EventCountry "GRE"]
[SourceTitle "CBM 190 Extra"]
[Source "ChessBase"]
[SourceDate "2019.07.15"]
[SourceVersion "1"]
[SourceVersionDate "2019.07.15"]
[SourceQuality "1"]
[WhiteTeam "Austria"]
[BlackTeam "England II"]
[WhiteTeamCountry "AUT"]
[BlackTeamCountry "ENG"]

1. e4 c5 2. c3 Nf6 3. e5 Nd5 4. d4 cxd4 5. Qxd4 e6 6. Nf3 Nc6 7. Qe4 d6 8. Nbd2 dxe5 9. Nxe5 Nxe5 10. Qxe5 Bd7 11. Be2 Qc7 12. Qxc7 Nxc7 13. Bf3 0-0-0 14. 0-0 f6 15. Nb3 Kb8 16. Be3 e5 17. Rfd1 Be7 18. Rd2 Bc8 19. Rad1 Ne6 20. Rxd8 Rxd8 21. Rxd8 Nxd8 22. Kf1 Be6 23. Ke1 b6 24. Nc1 1/2-1/2

[Event "Wch Seniors 50 28th"]
[Site "Bled"]
[Date "2018.11.27"]
[Round "9"]
[White "Kranzl, Peter"]
[Black "Metz, Hartmut"]
[Result "1/2-1/2"]
[WhiteElo "2163"]
[BlackElo "2296"]
[PlyCount "93"]
[EventDate "2018.11.18"]
[EventType "swiss"]
[EventRounds "11"]
[EventCountry "SLO"]
[SourceTitle "CBM 187 Extra"]
[Source "ChessBase"]
[SourceDate "2018.11.04"]
[SourceVersion "1"]
[SourceVersionDate "2018.11.04"]
[SourceQuality "1"]

1. e4 c6 2. d4 d5 3. e5 Bf5 4. Nf3 e6 5. Be2 Nd7 6. 0-0 Ne7 7. Be3 Bg6 8. Nh4 c5 9. c3 Nc6 10. Nxg6 hxg6 11. Nd2 Be7 12. f4 Qb6 13. Qb3 cxd4 14. Qxb6 Nxb6 15. Bxd4 Nxd4 16. cxd4 0-0-0 17. Rac1+ Kb8 18. Rc2 a6 19. Nf3 Rd7 20. g3 Nc8 21. h4 Bd8 22. Bd3 Bb6 23. Kf2 Ne7 24. Ke3 Nc6 25. a3 Ne7 26. g4 Nc6 27. Rh1 Rc7 28. Rhc1 Rhc8 29. b4 Rh8 30. Rh1 Rhc8 31. Rhc1 Rh8 32. Rh1 Ka7 33. Rhh2 Rhc8 34. Rhg2 Kb8 35. Rh2 Re8 36. Rhg2 Rh8 37. Rh2 Re7 38. Rhg2 Ka7 39. Rh2 Rd7 40. Rc1 Rc7 41. Rcc2 Kb8 42. Rhg2 Rhc8 43. Rh2 Ba7 44. Rhg2 Rh8 45. Rh2 Bb6 46. Rhd2 Rhc8 47. Rh2 1/2-1/2

[Event "Wch Seniors 50 28th"]
[Site "Bled"]
[Date "2018.11.25"]
[Round "7"]
[White "Kranzl, Peter"]
[Black "Bergstrom, Rolf"]
[Result "1/2-1/2"]
[WhiteElo "2163"]
[BlackElo "2216"]
[PlyCount "29"]
[EventDate "2018.11.18"]
[EventType "swiss"]
[EventRounds "11"]
[EventCountry "SLO"]
[SourceTitle "CBM 187 Extra"]
[Source "ChessBase"]
[SourceDate "2018.11.04"]
[SourceVersion "1"]
[SourceVersionDate "2018.11.04"]
[SourceQuality "1"]

1. Nf3 b6 2. g3 Bb7 3. Bg2 f5 4. 0-0 Nf6 5. d3 e6 6. Nbd2 Be7 7. e4 fxe4 8. dxe4 b5 9. e5 Nd5 10. Re1 0-0 11. a4 a6 12. axb5 axb5 13. Rxa8 Bxa8 14. Nd4 b4 15. Ne4 1/2-1/2

[Event "Wch Seniors 50 28th"]
[Site "Bled"]
[Date "2018.11.23"]
[Round "6"]
[White "Povse, Martin"]
[Black "Kranzl, Peter"]
[Result "0-1"]
[WhiteElo "2014"]
[BlackElo "2163"]
[PlyCount "62"]
[EventDate "2018.11.18"]
[EventType "swiss"]
[EventRounds "11"]
[EventCountry "SLO"]
[SourceTitle "CBM 187 Extra"]
[Source "ChessBase"]
[SourceDate "2018.11.04"]
[SourceVersion "1"]
[SourceVersionDate "2018.11.04"]
[SourceQuality "1"]

1. c4 Nf6 2. Nc3 g6 3. g3 Bg7 4. Bg2 0-0 5. e4 d6 6. Nge2 c5 7. 0-0 Nc6 8. h3 Ne8 9. d3 Nc7 10. Be3 Ne6 11. g4 Rb8 12. f4 Ned4 13. f5 b5 14. b3 b4 15. f6 Nxe2+ 16. Nxe2 Bxf6 17. Rc1 Bg7 18. Qd2 Bd7 19. Rf2 a5 20. d4 Nxd4 21. Nxd4 Bxd4 22. Bxd4 cxd4 23. Qxd4 Be6 24. e5 Qc7 25. exd6 exd6 26. Rd1 Rb6 27. Qf4 a4 28. Bd5 Bxd5 29. Rxd5 axb3 30. axb3 Qe7 31. Kg2 Rc8 0-1

[Event "Wch Seniors 50 28th"]
[Site "Bled"]
[Date "2018.11.19"]
[Round "2"]
[White "Berend, Fred"]
[Black "Kranzl, Peter"]
[Result "1/2-1/2"]
[WhiteElo "2369"]
[BlackElo "2163"]
[PlyCount "100"]
[EventDate "2018.11.18"]
[EventType "swiss"]
[EventRounds "11"]
[EventCountry "SLO"]
[SourceTitle "CBM 187 Extra"]
[Source "ChessBase"]
[SourceDate "2018.11.04"]
[SourceVersion "1"]
[SourceVersionDate "2018.11.04"]
[SourceQuality "1"]

1. d4 Nf6 2. Nf3 g6 3. c4 c5 4. Nc3 cxd4 5. Nxd4 Bg7 6. e4 0-0 7. Be2 d6 8. 0-0 Nc6 9. Be3 Nxd4 10. Bxd4 Bd7 11. Re1 Bc6 12. Bf1 e5 13. Be3 Nxe4 14. Nd5 f5 15. Re2 Qd7 16. f3 Nf6 17. Nxf6+ Bxf6 18. Rd2 Rfd8 19. b4 b6 20. Qb3 Kg7 21. b5 Bb7 22. Rad1 Qc7 23. a4 Bc8 24. a5 Be6 25. Ra2 bxa5 26. Qa4 f4 27. Bf2 d5 28. cxd5 Rxd5 29. Rxd5 Bxd5 30. Qxa5 Qb7 31. Qxa7 Rxa7 32. Rxa7 e4 33. Rxb7+ Bxb7 34. fxe4 Bxe4 35. b6 Be5 36. Be2 Kf7 37. Bf3 Bxf3 38. gxf3 Ke6 39. Kg2 Bb8 40. Kh3 Kf5 41. Kg2 g5 42. Bc5 h5 43. h3 g4 44. fxg4+ hxg4 45. hxg4+ Kxg4 46. Be7 Kf5 47. Kf3 Ke6 48. Bg5 Kd7 49. b7 Kc7 50. Bxf4+ Kxb7 1/2-1/2

[Event "AUT-chT2M 1819"]
[Site "Austria"]
[Date "2018.10.21"]
[Round "3.5"]
[White "Kranzl, Peter"]
[Black "Hiermann, Dietmar"]
[Result "1/2-1/2"]
[WhiteElo "2163"]
[BlackElo "2234"]
[PlyCount "59"]
[EventDate "2018.10.19"]
[EventType "team-tourn"]
[EventRounds "11"]
[EventCountry "AUT"]
[SourceTitle "CBM 187 Extra"]
[Source "ChessBase"]
[SourceDate "2018.11.04"]
[SourceVersion "1"]
[SourceVersionDate "2018.11.04"]
[SourceQuality "1"]
[WhiteTeam "St Valentin"]
[BlackTeam "Sauwald"]
[WhiteTeamCountry "AUT"]
[BlackTeamCountry "AUT"]

1. Nf3 d5 2. g3 Nf6 3. Bg2 e6 4. 0-0 Be7 5. b3 0-0 6. Bb2 c5 7. e3 b6 8. c4 Bb7 9. d3 Nbd7 10. Qe2 Qc7 11. Nc3 Rac8 12. Rac1 Qb8 13. Rfd1 Rfd8 14. cxd5 Nxd5 15. Nxd5 Bxd5 16. d4 Qb7 17. Ne1 Bxg2 18. Nxg2 cxd4 19. Bxd4 Rxc1 20. Rxc1 Rc8 21. Rc2 Bf6 22. Bxf6 Nxf6 23. Ne1 h6 24. Qd3 Rxc2 25. Nxc2 Ne4 26. h4 Nc5 27. Qc4 Qf3 28. Ne1 Qd1 29. Kf1 Nd7 30. Qd3 1/2-1/2

[Event "Niederoesterreich Landesliga 1718"]
[Site "Austria"]
[Date "2017.10.29"]
[Round "3.1"]
[White "Froewis, Georg"]
[Black "Kranzl, Peter"]
[Result "1/2-1/2"]
[WhiteElo "2431"]
[BlackElo "2179"]
[PlyCount "54"]
[EventDate "2017.10.01"]
[EventType "team-tourn"]
[EventRounds "11"]
[EventCountry "AUT"]
[SourceTitle "EXT 2019"]
[Source "ChessBase"]
[SourceDate "2018.10.10"]
[SourceVersion "1"]
[SourceVersionDate "2018.10.10"]
[SourceQuality "1"]
[WhiteTeam "Krems Voest"]
[BlackTeam "Boehlerwerk"]
[WhiteTeamCountry "AUT"]
[BlackTeamCountry "AUT"]

1. Nf3 Nf6 2. c4 g6 3. b3 Bg7 4. Bb2 0-0 5. g3 d6 6. d4 c6 7. Bg2 Re8 8. 0-0 Qa5 9. h3 e5 10. dxe5 dxe5 11. Qd2 Qxd2 12. Nbxd2 Nbd7 13. e3 Bf8 14. Rfd1 h6 15. Rac1 a5 16. Bc3 Ba3 17. Rc2 Bb4 18. Nb1 Bxc3 19. Nxc3 Nc5 20. Rcd2 Bf5 21. g4 Nfe4 22. Nxe4 Bxe4 23. Ne1 Bxg2 24. Kxg2 Kf8 25. Nf3 Ne4 26. Re2 Rad8 27. Rde1 Re7 1/2-1/2

[Event "AUT-chT 1617"]
[Site "Austria"]
[Date "2017.04.20"]
[Round "9.6"]
[White "Mesaros, Florian"]
[Black "Kranzl, Peter"]
[Result "1-0"]
[WhiteElo "2321"]
[BlackElo "2162"]
[PlyCount "57"]
[EventDate "2016.10.20"]
[EventType "team-tourn"]
[EventRounds "11"]
[EventCountry "AUT"]
[SourceTitle "CBM 177 Extra"]
[Source "ChessBase"]
[SourceDate "2017.04.27"]
[SourceVersion "1"]
[SourceVersionDate "2017.04.27"]
[SourceQuality "1"]
[WhiteTeam "Wulkaprodersdorf"]
[BlackTeam "St Valentin"]
[WhiteTeamCountry "AUT"]
[BlackTeamCountry "AUT"]

1. Nf3 Nf6 2. c4 g6 3. Nc3 Bg7 4. e4 d6 5. d4 0-0 6. Be2 e5 7. 0-0 exd4 8. Nxd4 Re8 9. f3 Nc6 10. Be3 Nh5 11. Qd2 f5 12. Nc2 Be6 13. Rae1 Qd7 14. Nd5 Rf8 15. exf5 Bxf5 16. Nd4 Nxd4 17. Bxd4 c6 18. Bxg7 Nxg7 19. Nc3 Rad8 20. f4 Qc7 21. Bf3 Qb6+ 22. Kh1 Qc5 23. b3 Rfe8 24. g4 Rxe1 25. Rxe1 Bc8 26. Ne4 Qa3 27. Nf6+ Kh8 28. f5 Rf8 29. Qh6 1-0

[Event "Niederoesterreich Landesliga 1617"]
[Site "Austria"]
[Date "2017.01.22"]
[Round "5.3"]
[White "Winiwarter, Felix"]
[Black "Kranzl, Peter"]
[Result "1/2-1/2"]
[WhiteElo "2101"]
[BlackElo "2162"]
[PlyCount "50"]
[EventDate "2016.10.02"]
[EventType "team-tourn"]
[EventRounds "11"]
[EventCountry "AUT"]
[SourceTitle "EXT 2018"]
[Source "ChessBase"]
[SourceDate "2017.10.13"]
[SourceVersion "1"]
[SourceVersionDate "2017.10.13"]
[SourceQuality "1"]
[WhiteTeam "Krems Voest"]
[BlackTeam "Boehlerwerk"]
[WhiteTeamCountry "AUT"]
[BlackTeamCountry "AUT"]

1. e4 c6 2. d4 d5 3. exd5 cxd5 4. c4 Nf6 5. Nc3 g6 6. Nf3 Bg7 7. h3 0-0 8. Bf4 Nc6 9. Be2 Be6 10. c5 Ne4 11. 0-0 Qa5 12. Rc1 Rac8 13. a3 b6 14. b4 Qxa3 15. Nb5 Qxb4 16. Rb1 Qa5 17. Ra1 Qb4 18. Ra4 Nc3 19. Nxc3 Qxc3 20. Bd2 Qb2 21. Bc1 Qc3 22. Ra3 Qb4 23. Rb3 Qa5 24. Ra3 Qb4 25. Rb3 Qa5 1/2-1/2

[Event "AUT-chT 1617"]
[Site "Austria"]
[Date "2016.10.21"]
[Round "2.3"]
[White "Antoniewski, Rafal"]
[Black "Kranzl, Peter"]
[Result "1-0"]
[WhiteElo "2540"]
[BlackElo "2162"]
[PlyCount "59"]
[EventDate "2016.10.20"]
[EventType "team-tourn"]
[EventRounds "11"]
[EventCountry "AUT"]
[SourceTitle "CBM 175 Extra"]
[Source "ChessBase"]
[SourceDate "2016.12.12"]
[SourceVersion "1"]
[SourceVersionDate "2016.12.12"]
[SourceQuality "1"]
[WhiteTeam "St Veit"]
[BlackTeam "St Valentin"]
[WhiteTeamCountry "AUT"]
[BlackTeamCountry "AUT"]

1. Nf3 Nf6 2. c4 g6 3. Nc3 Bg7 4. e4 d6 5. d4 0-0 6. h3 c6 7. Be3 a6 8. c5 dxc5 9. dxc5 Qxd1+ 10. Rxd1 a5 11. Bc4 Na6 12. 0-0 Nc7 13. Rd3 a4 14. Rfd1 Ne6 15. e5 Ne8 16. Ne4 N8c7 17. g4 h6 18. Kh2 Nb5 19. a3 Nec7 20. Kg3 Rb8 21. Nc3 Nxc3 22. Rxc3 Re8 23. Kg2 Ra8 24. Rcd3 Kf8 25. R1d2 Ra5 26. Rc2 Ne6 27. Ba2 Rd8 28. Bxe6 Rxd3 29. Bxc8 Ra7 30. e6 1-0

[Event "AUT-chT2M 1516"]
[Site "Austria"]
[Date "2016.04.15"]
[Round "9.2"]
[White "Hafner, Robert"]
[Black "Kranzl, Peter"]
[Result "1/2-1/2"]
[WhiteElo "2076"]
[BlackElo "2206"]
[PlyCount "61"]
[EventDate "2015.10.02"]
[EventType "team-tourn"]
[EventRounds "11"]
[EventCountry "AUT"]
[SourceTitle "EXT 2017"]
[Source "ChessBase"]
[SourceDate "2016.10.25"]
[SourceVersion "1"]
[SourceVersionDate "2016.10.25"]
[SourceQuality "1"]
[WhiteTeam "Villach Admira"]
[BlackTeam "St Valentin"]
[WhiteTeamCountry "AUT"]
[BlackTeamCountry "AUT"]

1. d4 Nf6 2. c4 c5 3. dxc5 Na6 4. Nc3 g6 5. Nf3 Bg7 6. e3 0-0 7. Be2 Nxc5 8. 0-0 b6 9. Nd4 Bb7 10. b3 d5 11. Nxd5 Nxd5 12. cxd5 Qxd5 13. Bf3 Ne4 14. Bb2 Qg5 15. Qe2 Rfd8 16. Rfd1 Rac8 17. g3 Qa5 18. Qe1 Qxe1+ 19. Rxe1 e5 20. Nb5 Rc2 21. Bc1 Ba8 22. Na3 Rc7 23. Bb2 Nc3 24. Bxa8 Rxa8 25. Nc4 e4 26. Kf1 b5 27. Rec1 bxc4 28. Bxc3 cxb3 29. Bxg7 Rxc1+ 30. Rxc1 Kxg7 31. axb3 1/2-1/2

[Event "AUT-chT2M 1516"]
[Site "Austria"]
[Date "2015.10.03"]
[Round "2.2"]
[White "Tomazini, Zan"]
[Black "Kranzl, Peter"]
[Result "1-0"]
[WhiteElo "2418"]
[BlackElo "2206"]
[PlyCount "57"]
[EventDate "2015.10.02"]
[EventType "team-tourn"]
[EventRounds "11"]
[EventCountry "AUT"]
[SourceTitle "CBM 168 Extra"]
[Source "ChessBase"]
[SourceDate "2015.10.29"]
[SourceVersion "1"]
[SourceVersionDate "2015.10.29"]
[SourceQuality "1"]
[WhiteTeam "Maria Saal II"]
[BlackTeam "St Valentin"]
[WhiteTeamCountry "AUT"]
[BlackTeamCountry "AUT"]

1. e4 c6 2. d4 d5 3. exd5 cxd5 4. c4 Nf6 5. Nc3 g6 6. Qb3 Bg7 7. cxd5 0-0 8. Be2 b6 9. Bf3 Bb7 10. Bf4 Qd7 11. Nge2 Rd8 12. Rc1 Na6 13. Qa3 Bf8 14. Be5 Ng4 15. 0-0 Nxe5 16. dxe5 e6 17. d6 Bg7 18. Bxb7 Qxb7 19. f4 f6 20. Nd4 fxe5 21. Nxe6 exf4 22. Nxd8 Rxd8 23. Qb3+ Kh8 24. Rxf4 Rxd6 25. Re1 Be5 26. Kh1 Rd7 27. Rf8+ Kg7 28. Rg8+ Kh6 29. Ne4 1-0

[Event "AUT-chT2M 1415"]
[Site "Austria"]
[Date "2014.10.03"]
[Round "1.3"]
[White "Windhager, Hannes"]
[Black "Kranzl, Peter"]
[Result "1/2-1/2"]
[WhiteElo "2199"]
[BlackElo "2225"]
[PlyCount "60"]
[EventDate "2014.10.03"]
[EventType "team-tourn"]
[EventRounds "11"]
[EventCountry "AUT"]
[SourceTitle "EXT 2015"]
[Source "ChessBase"]
[SourceDate "2014.11.20"]
[SourceVersion "1"]
[SourceVersionDate "2014.11.20"]
[SourceQuality "1"]
[WhiteTeam "Hartkirchen"]
[BlackTeam "St Valentin"]
[WhiteTeamCountry "AUT"]
[BlackTeamCountry "AUT"]

1. e4 c6 2. d4 d5 3. Nc3 dxe4 4. Nxe4 Nd7 5. Ng5 Ndf6 6. Bd3 Nh6 7. N1f3 g6 8. Bd2 Bg7 9. Qe2 0-0 10. 0-0 Nf5 11. c3 h6 12. Ne4 Nxe4 13. Qxe4 Nd6 14. Qe2 Bf5 15. Bf4 e6 16. Rad1 Re8 17. Rfe1 a5 18. Bxd6 Bxd3 19. Rxd3 Qxd6 20. Ne5 Rad8 21. Red1 Qc7 22. Nf3 Rd7 23. g3 Red8 24. Ne1 Qb6 25. Qc2 Qb5 26. a3 Qf5 27. Qe2 Qb5 28. Qc2 Qf5 29. Qe2 Qb5 30. Qc2 Qf5 1/2-1/2

[Event "AUT-chT2M 1314"]
[Site "Austria"]
[Date "2014.04.04"]
[Round "9.3"]
[White "Kranzl, Peter"]
[Black "Wittmann, Walter"]
[Result "1/2-1/2"]
[WhiteElo "2223"]
[BlackElo "2216"]
[PlyCount "60"]
[EventDate "2013.10.04"]
[EventType "team-tourn"]
[EventRounds "11"]
[EventCountry "AUT"]
[SourceTitle "EXT 2015"]
[Source "ChessBase"]
[SourceDate "2014.11.20"]
[SourceVersion "1"]
[SourceVersionDate "2014.11.20"]
[SourceQuality "1"]
[WhiteTeam "St Valentin"]
[BlackTeam "Graz Styria"]
[WhiteTeamCountry "AUT"]
[BlackTeamCountry "AUT"]

1. Nf3 c5 2. g3 g6 3. Bg2 Bg7 4. 0-0 Nc6 5. d3 d6 6. c4 Nf6 7. Nc3 0-0 8. a3 a5 9. Bd2 h6 10. h3 Rb8 11. Rb1 b6 12. Ne1 Bb7 13. Nc2 Nd4 14. Bxb7 Rxb7 15. b4 axb4 16. axb4 Qd7 17. Kh2 Nc6 18. bxc5 bxc5 19. Rxb7 Qxb7 20. Qb1 Rb8 21. Qxb7 Rxb7 22. Rb1 Rxb1 23. Nxb1 e6 24. Nc3 Kf8 25. Kg2 Ke7 26. Kf1 Nd7 27. Ke1 f5 28. Kd1 Nb6 29. Ke1 Nd7 30. Kd1 Nb6 1/2-1/2

[Event "AUT-chT2M 1314"]
[Site "Austria"]
[Date "2014.03.23"]
[Round "8.2"]
[White "Kranzl, Peter"]
[Black "Wegerer, Fred"]
[Result "1/2-1/2"]
[WhiteElo "2223"]
[BlackElo "2159"]
[PlyCount "60"]
[EventDate "2013.10.04"]
[EventType "team-tourn"]
[EventRounds "11"]
[EventCountry "AUT"]
[SourceTitle "EXT 2015"]
[Source "ChessBase"]
[SourceDate "2014.11.20"]
[SourceVersion "1"]
[SourceVersionDate "2014.11.20"]
[SourceQuality "1"]
[WhiteTeam "St Valentin"]
[BlackTeam "Gleisdorf"]
[WhiteTeamCountry "AUT"]
[BlackTeamCountry "AUT"]

1. Nf3 b6 2. g3 Bb7 3. Bg2 e5 4. 0-0 e4 5. Ne1 Qc8 6. c4 Nf6 7. Nc3 Bb4 8. Qc2 Bxc3 9. Qxc3 0-0 10. b3 d6 11. Bb2 Nbd7 12. d4 exd3 13. Bxb7 Qxb7 14. Nxd3 Rae8 15. Nf4 Ne5 16. Rad1 Ne4 17. Qc2 f5 18. Nd5 Rf7 19. f3 Nc5 20. Qc3 a5 21. Rd2 Ng6 22. Qc2 f4 23. Qc3 Ne6 24. Kh1 fxg3 25. hxg3 c6 26. Ne3 Qe7 27. Ng2 Nc5 28. Kg1 Qe5 29. Qxe5 dxe5 30. Rd6 Rf6 1/2-1/2

[Event "AUT-chT2M 1213"]
[Site "Austria"]
[Date "2013.04.19"]
[Round "9.4"]
[White "Kranzl, Peter"]
[Black "Petschar, Kurt"]
[Result "0-1"]
[WhiteElo "2239"]
[BlackElo "2295"]
[PlyCount "52"]
[EventDate "2012.10.19"]
[EventType "team-tourn"]
[EventRounds "11"]
[EventCountry "AUT"]
[SourceTitle "EXT 2014"]
[Source "ChessBase"]
[SourceDate "2013.11.20"]
[SourceVersion "1"]
[SourceVersionDate "2013.11.20"]
[SourceQuality "1"]
[WhiteTeam "St Valentin"]
[BlackTeam "Klagenfurt"]
[WhiteTeamCountry "AUT"]
[BlackTeamCountry "AUT"]

1. Nf3 d5 2. g3 Nf6 3. Bg2 Bf5 4. 0-0 c6 5. b3 Nbd7 6. Bb2 e6 7. d3 Bc5 8. c4 0-0 9. Nc3 Qe7 10. h3 h6 11. Re1 d4 12. Nb1 e5 13. Qc1 a5 14. a4 Rfe8 15. g4 Bh7 16. g5 hxg5 17. Nxg5 Bg6 18. Nd2 Nh5 19. Ndf3 Nf4 20. h4 Bb4 21. Ba3 Bxe1 22. Qxe1 c5 23. Nd2 Nxg2 24. Kxg2 b6 25. Qh1 Nf6 26. Rg1 e4 0-1